Every Wrestler to Compete on WWE's ECW - Statistics

General Stats
  • This quiz has been taken 555 times
    192 since last reset
  • The average score is 57 of 135
Answer Stats
First Match Wrestler % Correct
June 13, 2006 The Big Show
92%
June 20, 2006 Rob Van Dam
90%
June 26, 2007 John Cena
85%
June 13, 2006 Tommy Dreamer
85%
August 1, 2006 CM Punk
83%
June 13, 2006 Sabu
83%
June 13, 2006 The Sandman
83%
June 20, 2006 Randy Orton
82%
February 10, 2009 Christian
81%
June 20, 2006 Edge
80%
November 21, 2006 Jeff Hardy
80%
November 21, 2006 Matt Hardy
79%
July 10, 2007 The Miz
77%
July 25, 2006 Kane
76%
February 20, 2007 John Morrison
75%
November 14, 2006 Bobby Lashley
74%
January 1, 2008 Chavo Guerrero
73%
June 13, 2006 Kurt Angle
72%
September 5, 2006 Triple H
71%
July 7, 2009 Ezekiel Jackson
69%
September 9, 2008 Jack Swagger
69%
July 18, 2006 The Undertaker
68%
November 20, 2007 Shelton Benjamin
67%
August 1, 2006 Batista
65%
August 22, 2006 Kelly Kelly
65%
October 30, 2007 Mark Henry
65%
October 20, 2009 Chris Jericho
64%
September 5, 2006 Shawn Michaels
64%
June 12, 2007 Chris Benoit
63%
January 22, 2008 Kofi Kingston
63%
December 19, 2006 The Great Khali
63%
March 27, 2007 Finlay
61%
August 29, 2006 Hardcore Holly
61%
April 27, 2007 Umaga
61%
June 30, 2009 Sheamus
59%
July 4, 2006 Test
58%
November 13, 2007 MVP
57%
May 8, 2007 Shane McMahon
57%
November 18, 2008 William Regal
57%
May 8, 2007 Vince McMahon
56%
July 17, 2007 Big Daddy V
55%
July 11, 2006 Ric Flair
54%
November 28, 2006 Elijah Burke
53%
March 25, 2008 Carlito
51%
March 25, 2008 Cody Rhodes
50%
March 10, 2009 Dolph Ziggler
50%
September 19, 2006 King Booker
50%
June 10, 2008 Hornswoggle
47%
July 25, 2006 Kevin Thorn
47%
August 18, 2009 The Hurricane
47%
March 10, 2009 Charlie Haas
46%
February 20, 2007 Mr. Kennedy
46%
May 1, 2007 Zack Ryder
46%
June 13, 2006 Balls Mahoney
45%
March 25, 2008 Brian Kendrick
45%
November 6, 2007 Layla
45%
June 27, 2006 Mike Knox
45%
November 13, 2007 Michelle McCool
42%
August 29, 2006 Paul Heyman
42%
October 7, 2008 Ted DiBiase
42%
May 19, 2009 David Hart Smith
41%
June 13, 2006 Justin Credible
41%
September 19, 2006 Matt Striker
41%
May 1, 2007 Brian Major
40%
June 13, 2006 The Zombie
40%
November 6, 2007 Jamie Noble
39%
June 13, 2006 Little Guido
39%
January 16, 2007 Marcus Cor Von
39%
November 13, 2007 Melina
39%
March 10, 2009 R-Truth
39%
February 10, 2009 Tyson Kidd
39%
June 3, 2008 Evan Bourne
38%
March 10, 2009 Goldust
38%
May 13, 2008 Natalya
38%
March 10, 2009 Vladimir Kozlov
38%
February 26, 2008 Santino Marella
37%
August 19, 2008 Super Crazy
37%
June 13, 2006 Stevie Richards
36%
June 12, 2007 The Boogeyman
36%
August 22, 2006 Torrie Wilson
34%
June 30, 2009 Yoshi Tatsu
34%
March 20, 2007 Chris Masters
33%
March 10, 2009 Primo
32%
March 31, 2009 Brie Bella
31%
March 25, 2008 Chuck Palumbo
31%
March 31, 2009 Nikki Bella
31%
March 13, 2007 Snitsky
31%
September 26, 2006 Ariel
29%
January 6, 2009 Alicia Fox
28%
June 13, 2006 Al Snow
28%
September 12, 2006 Rene Dupree
28%
December 6, 2007 Victoria
28%
November 20, 2007 Kenny Dykstra
27%
November 11, 2008 JTG
26%
December 9, 2008 Kung Fu Naki
26%
September 12, 2006 Shannon Moore
26%
October 30, 2007 Jimmy Wang Yang
25%
October 21, 2008 Shad Gaspard
24%
November 20, 2007 Deuce
23%
November 20, 2007 Domino
23%
October 16, 2007 Festus
23%
October 16, 2007 Jesse
23%
January 6, 2009 Katie Lea Burchill
22%
December 30, 2008 Paul Burchill
22%
March 25, 2008 Trevor Murdoch
22%
March 25, 2008 Lance Cade
21%
June 13, 2006 Tony Mamaluke
21%
December 18, 2007 Colin Delaney
20%
November 18, 2008 DJ Gabriel
19%
September 23, 2008 Maryse
19%
June 13, 2006 Roadkill
19%
February 20, 2007 Sylvain Grenier
19%
October 31, 2006 Daivari
18%
July 1, 2008 Ricky Ortiz
18%
May 6, 2008 Armando Estrada
17%
April 29, 2008 Bam Neely
17%
July 8, 2008 Braden Walker
17%
May 13, 2008 Cherry
17%
August 22, 2006 CW Anderson
17%
March 25, 2008 Hacksaw Jim Duggan
17%
November 28, 2006 Sylvester Terkay
17%
December 9, 2008 Tony Atlas
17%
December 1, 2009 Trent Barreta
17%
March 25, 2008 Val Venis
17%
June 13, 2006 Danny Doring
16%
June 13, 2006 Big Guido
15%
December 1, 2009 Caylen Croft
15%
September 26, 2006 Francine
13%
July 21, 2009 Tyler Reks
13%
November 3, 2009 Vance Archer
13%
August 19, 2008 Gavin Spears
10%
January 15, 2008 Robbie McAllister
7%
January 15, 2008 Rory McAllister
7%
September 2, 2008 Ryan Braddock
7%
August 1, 2006 The Brooklyn Brawler
7%
No matching quizzes found
Score Distribution
Percent of People with Each Score
Percentile by Number Answered
Your Score History
You have not taken this quiz since the last reset